| Registos Bibliográficos associados ao registo de autoridade |
|
Etiqueta de registo: 00000nkm 2200025 450 001 2281717 003 http://id.bnportugal.gov.pt/bib/catbnp/2281717 100 ## $a20260319d1987 m y0pory01030103ba 101 0# $apor 102 ## $aPT 200 1# $a«"»Romance de Lobos«"» de Valle-Inclán, Teatro Nacional de D. Maria II (Lisboa)$bVisual gráfico]$fTeatro Nacional de D. Maria II, Instituto Nacional de Las Artes Escénicas y de la
Música-Ministerio de Cultura$gilustração de Simon Suárez$gdesenho gráfico de Garizo do Carmo 210 #9 $a[Lisboa]$cTeatro Nacional de D. Maria II,$d1987$e[Lisboa] :$gCasa Portuguesa) 215 ## $a1 cartaz$ccolor.$d48x30,1 cm 317 ## $aColeção Madeira Luís 702 #1 $aSuárez,$bSimon$4440$31992458 702 #1 $aCarmo,$bGarizo do,$f1927-1997$330997 710 01 $aPortugal.$bTeatro Nacional de Dona Maria II$328620 711 01 $aEspanha.$bInstituto Nacional de las Artes Escénicas y la Música$3268193 801 #0 $aPT$bBN$gRPC 966 ## $lBN$mICONOG$sCT. 16968 V.$x3 971 ## $cCaticonografia1$d20260319 995 ## $aPRR2026
|
|
|